| 000 | 01342nam a2200277 i 4500 | ||
|---|---|---|---|
| 003 | DO-SdBNP | ||
| 005 | 20250414115944.0 | ||
| 007 | ta | ||
| 008 | 250414b2024 dr a|||| |||| 00| 0 spa d | ||
| 020 | _a9789945629491 | ||
| 040 |
_aDO-SdBNP _bspa _cBNPHU _erda |
||
| 041 | _aspa | ||
| 082 | 4 |
_axxx _bB213e 2024 _222 |
|
| 110 | 2 |
_aBanco Central de la República Dominicana. _bDepartamento de Cultural _987445 |
|
| 245 | 1 | 0 | _aExposiciones temporales en el Museo Numismático y Filatélico, 2022-2024 |
| 250 | _aPrimera edición | ||
| 264 | 4 |
_aSanto Domingo : _bBanco Central de la República Dominicana, _c©2024. |
|
| 300 |
_a320 páginas : _bilustraciones ; _c23 cm. |
||
| 336 |
_atexto _btxt _2rdacontent a |
||
| 337 |
_asin mediación _bn _2rdamedia |
||
| 338 |
_avolumen _bnc _2rdacarrier |
||
| 505 | _aPresentación -- 75 años del Banco Central de la República Dominicana y emisión de sello postal conmemorativo -- Herencia cultural y alimentación en la numismática y la filatelia dominicanas -- Homenaje a Gregorio Luperón -- Los derechos humanos en la numismática y filatelia dominicanas -- Emisiones de billetes del Banco Central de la República Dominicana: 160 aniversario del fallecimiento de Mella y 161 de la Restauración de la República. | ||
| 590 | _aInventariado, 2025 / LP | ||
| 910 | _aLp | ||
| 942 |
_2ddc _cLBS1 |
||
| 999 |
_c58245 _d58245 |
||